000 00677nam a22002177a 4500
999 _c158929
_d158929
005 20181120161301.0
006 a|||||f|||| 00| 0
007 tc
008 180720b xxu||||| |||| 00| 0 eng d
010 _aB-348023-B-3480928
020 _c250.00
035 _aB-348023
037 _bA.I.C.B.
082 _a230
245 _aShrimad Bhagwad
260 _aDelhi
_bA.C.I.B.
_cN.D.
270 _aSector-5, Rohini,
_bNew Delhi
_e110085
300 _a3V.,various pages.
_c30cm(HB).
942 _2ddc
_cBRLEN
_h230
_mSHR